Ortaçağ (Record no. 1632)

MARC details
000 -BAŞLIK
Sabit Uzunlukta Kontrol Alanı 00725na a2200253 4500
001 - KONTROL NUMARASI
Denetim Alanı 14375
003 - KONTROL NUMARASI IDENTIFIER
Denetim Alanı MIRAKIL
005 - SON İŞLEM TARİHİ VE ZAMANI
Denetim Alanı 20181213154829.0
008 - SABİT-BOY VERİ ELEMANLARI - GENEL BİLGİLER
Sabit Uzunlukta Kontrol Alanı 160826b tu 000 0
020 ## - ULUSLARARASI STANDART KİTAP NUMARASI
Uluslararası Standart Kitap Numarası 9786051069111
035 ## - SİSTEM KONTROL NUMARASI
Sistem Kontrol Numarası 14375
040 ## - KATALOGLAMA KAYNAK
Orijinal Kataloglama Ajansı Milas
Kataloglama Dili tur
Metne Dönüştürmek Ajansı TR-AnCHP
082 ## - DEWEY ONLU SINIFLANDIRMA NUMARASI
Sınıflandırma Numarası 940.1
Ürün Numarası E16o 2014
090 ## - SINIFLAMA NUMARASI
Sınıflama Numarası 940.1 E16o 2014
100 ## - ANA GİRİŞ - KİŞİSEL İSİM
Kişisel Ad Eco, Umberto
245 ## - BAŞLIK TABLOSU
Başlık Ortaçağ
Başlığın Kalan Katedraller, şövalyeler, şehirler
Sorumluluk Tablosu, Vb Umberto Eco; çeviri Leyla Tonguç Basmacı
260 ## - YAYIN, DAĞITIM, VB
Yayın, Dağıtım, Vb Yeri İstanbul
Yayıncı, Dağıtıcı, Vs Adı Alfa Tarih
Yayın, Dağıtım, Vb Tarihi 2014
300 ## - FİZİKSEL TANIM
Kapsam 893, XV s.
Diğer Fiziksel Ayrıntıları res.
Boyutlar 24 sm.
504 ## - KAYNAKÇA VB NOT
Kaynakça Vb Notu Dizin var.
650 ## - KONU KATMA GİRİŞ - TOPİKAL DÖNEM
Topikal Süreli Veya Coğrafi Ad Giriş Elemanı Uygarlıklar
Kronolojik Alt Bölümü Ortaçağ
650 ## - KONU KATMA GİRİŞ - TOPİKAL DÖNEM
Topikal Süreli Veya Coğrafi Ad Giriş Elemanı Avrupa tarihi
Kronolojik Alt Bölümü Ortaçağ
700 ## - KATMA GİRİŞ - KİŞİSEL İSİM
Kişisel Ad Basmacı, Leyla Tonguç
942 ## - EKLENDİ GİRİŞ ELEMANLARI (KOHA)
Sınıflandırma Veya Raf Düzeni Kaynak Dewey Decimal Classification
Koha Öğesi Türü Books
999 ## - SİSTEM KONTROL NUMARALARI (KOHA)
Koha Biblionumber 1632
Koha Biblioitemnumber 1632
Holdings
Kalıcı Konum Mevcut Konum Edinme Tarihi Edinim Kaynak Seri Numaralandırma / Kronolojik Toplam Check-Out'Lar Toplam Yenileme Tam Çağrı Numarası Barkod Tarih Son Görülme Tarihi Geçen Teslim İtibaren Geçerli Fiyatlar Koha Öğesi Türü
CHP Kütüphanesi CHP Kütüphanesi 08/26/2016 Bağış c.3 1 1 940.1 E16o 2014 001983 06/03/2021 03/04/2021 08/26/2016 Books